<?xml version="1.0" encoding="UTF-8"?>
<collection xmlns="http://www.loc.gov/MARC21/slim">
<record>
  <controlfield tag="001">168011</controlfield>
  <controlfield tag="005">20260123152958.0</controlfield>
  <datafield tag="024" ind1="7" ind2=" ">
    <subfield code="2">doi</subfield>
    <subfield code="a">10.17811/msg.37.1.2025.1-8</subfield>
  </datafield>
  <datafield tag="024" ind1="8" ind2=" ">
    <subfield code="2">sideral</subfield>
    <subfield code="a">143121</subfield>
  </datafield>
  <datafield tag="037" ind1=" " ind2=" ">
    <subfield code="a">ART-2025-143121</subfield>
  </datafield>
  <datafield tag="041" ind1=" " ind2=" ">
    <subfield code="a">spa</subfield>
  </datafield>
  <datafield tag="100" ind1=" " ind2=" ">
    <subfield code="a">García-Cazorla, Javier</subfield>
    <subfield code="u">Universidad de Zaragoza</subfield>
    <subfield code="0">(orcid)0000-0001-8245-349X</subfield>
  </datafield>
  <datafield tag="245" ind1=" " ind2=" ">
    <subfield code="a">Consecuencias del estilo docente en Educación Física: Diferencias entre Programas Bilingües y no Bilingües</subfield>
  </datafield>
  <datafield tag="260" ind1=" " ind2=" ">
    <subfield code="c">2025</subfield>
  </datafield>
  <datafield tag="520" ind1="3" ind2=" ">
    <subfield code="a">Objetivo: El presente estudio tuvo dos objetivos. El primero, examinar la relación entre las percepciones de los estudiantes sobre los distintos estilos motivacionales utilizados por sus docentes de Educación Física (EF) y las experiencias en las clases, el aprendizaje percibido y la intención de ser activo. El segundo, examinar las posibles diferencias entre las variables del estudio, en función del programa educativo al que pertenecen los estudiantes (i.e., bilingüe o no bilingüe).
Método: Es un estudio descriptivo transversal donde participaron 95 estudiantes de tercer y cuarto curso de Educación Secundaria (43 pertenecen al programa bilingüe).
Resultados: Los resultados mostraron una relación positiva de los estilos apoyo a la autonomía y estructura con las experiencias y el aprendizaje percibido en EF, mientras que el estilo caótico se relacionó negativamente con las experiencias. Los estudiantes del programa bilingüe percibieron que sus docentes utilizaban mayor apoyo a la autonomía y menos control, así como unas mejores experiencias en comparación del programa no bilingüe
Conclusiones: Se considera necesario crear programas formativos para docentes de EF que enseñen estrategias motivacionales que ayuden a fomentar estilos motivadores (i.e., apoyo autonomía y estructura) que aumenten el aprendizaje percibido, las experiencias y la intención de
ser activo de los estudiantes, especialmente en aquellos grupos no bilingües.</subfield>
  </datafield>
  <datafield tag="506" ind1="0" ind2=" ">
    <subfield code="a">Access copy available to the general public</subfield>
    <subfield code="f">Unrestricted</subfield>
  </datafield>
  <datafield tag="536" ind1=" " ind2=" ">
    <subfield code="9">info:eu-repo/grantAgreement/ES/DGA/PROY_S01_24</subfield>
    <subfield code="9">info:eu-repo/grantAgreement/ES/MCIU/FPU23-03297</subfield>
  </datafield>
  <datafield tag="540" ind1=" " ind2=" ">
    <subfield code="9">info:eu-repo/semantics/openAccess</subfield>
    <subfield code="a">by-nc-nd</subfield>
    <subfield code="u">https://creativecommons.org/licenses/by-nc-nd/4.0/deed.es</subfield>
  </datafield>
  <datafield tag="655" ind1=" " ind2="4">
    <subfield code="a">info:eu-repo/semantics/article</subfield>
    <subfield code="v">info:eu-repo/semantics/publishedVersion</subfield>
  </datafield>
  <datafield tag="700" ind1=" " ind2=" ">
    <subfield code="a">Fernández-Miguel, Guillermo</subfield>
  </datafield>
  <datafield tag="700" ind1=" " ind2=" ">
    <subfield code="a">Villafaña-Samper, Zilia</subfield>
    <subfield code="u">Universidad de Zaragoza</subfield>
    <subfield code="0">(orcid)0009-0003-6879-8813</subfield>
  </datafield>
  <datafield tag="700" ind1=" " ind2=" ">
    <subfield code="a">Mayo-Rota, Carlos</subfield>
    <subfield code="u">Universidad de Zaragoza</subfield>
    <subfield code="0">(orcid)0000-0002-4869-6698</subfield>
  </datafield>
  <datafield tag="700" ind1=" " ind2=" ">
    <subfield code="a">Diloy-Peña, Sergio</subfield>
    <subfield code="0">(orcid)0000-0003-1357-9771</subfield>
  </datafield>
  <datafield tag="700" ind1=" " ind2=" ">
    <subfield code="a">Abós, Ángel</subfield>
    <subfield code="u">Universidad de Zaragoza</subfield>
    <subfield code="0">(orcid)0000-0002-1543-5109</subfield>
  </datafield>
  <datafield tag="710" ind1="2" ind2=" ">
    <subfield code="1">3001</subfield>
    <subfield code="2">187</subfield>
    <subfield code="a">Universidad de Zaragoza</subfield>
    <subfield code="b">Dpto. Expres.Music.Plást.Corp.</subfield>
    <subfield code="c">Área Didáctica Expres.Corporal</subfield>
  </datafield>
  <datafield tag="773" ind1=" " ind2=" ">
    <subfield code="g">37 , 1 (2025), 1-8</subfield>
    <subfield code="p">Magister (Oviedo)</subfield>
    <subfield code="t">Magister (Oviedo)</subfield>
    <subfield code="x">0212-6796</subfield>
  </datafield>
  <datafield tag="856" ind1="4" ind2=" ">
    <subfield code="s">529929</subfield>
    <subfield code="u">http://zaguan.unizar.es/record/168011/files/texto_completo.pdf</subfield>
    <subfield code="y">Versión publicada</subfield>
  </datafield>
  <datafield tag="856" ind1="4" ind2=" ">
    <subfield code="s">2540778</subfield>
    <subfield code="u">http://zaguan.unizar.es/record/168011/files/texto_completo.jpg?subformat=icon</subfield>
    <subfield code="x">icon</subfield>
    <subfield code="y">Versión publicada</subfield>
  </datafield>
  <datafield tag="909" ind1="C" ind2="O">
    <subfield code="o">oai:zaguan.unizar.es:168011</subfield>
    <subfield code="p">articulos</subfield>
    <subfield code="p">driver</subfield>
  </datafield>
  <datafield tag="951" ind1=" " ind2=" ">
    <subfield code="a">2026-01-23-14:33:23</subfield>
  </datafield>
  <datafield tag="980" ind1=" " ind2=" ">
    <subfield code="a">ARTICLE</subfield>
  </datafield>
</record>
</collection>